Cornelia Sorabji : (Record no. 38876)

MARC details
000 -LEADER
fixed length control field 01032nam a22002657a 4500
005 - DATE AND TIME OF LATEST TRANSACTION
control field 20180522155428.0
010 ## - LCCN (DPL NO)
LC control number ENG-97779 B-430979
020 ## - INTERNATIONAL STANDARD BOOK NUMBER
International Standard Book Number 9780198067924
Terms of availability 295.00
020 ## - INTERNATIONAL STANDARD BOOK NUMBER
International Standard Book Number 0195678346
Terms of availability 295.00
035 ## - SYSTEM CONTROL NUMBER
System control number EN-81312 B-430979, B-225832
037 ## - SOURCE OF ACQUISITION
Source of stock number/acquisition DBAD/PUB
037 ## - SOURCE OF ACQUISITION
Source of stock number/acquisition Allied Pub/Ven
082 ## - DEWEY DECIMAL CLASSIFICATION NUMBER
Classification number 921
100 ## - MAIN ENTRY--PERSONAL NAME
Personal name Gooptu, Suparna
245 ## - TITLE STATEMENT
Title Cornelia Sorabji :
Remainder of title India’s pioneer woman lawyer /
Statement of responsibility, etc by Suparna Gooptu
260 ## - PUBLICATION, DISTRIBUTION, ETC. (IMPRINT)
Place of publication, distribution, etc New Delhi
Name of publisher, distributor, etc Oxford University Press
Date of publication, distribution, etc 2010
270 ## - ADDRESS
Address YMCA Library Building, Jai Singh Road
City New Delhi
Postal code 110001
300 ## - PHYSICAL DESCRIPTION
Extent xxvii, 241p.:
Other physical details ill.
Dimensions 22cm (pbk)
500 ## - GENERAL NOTE
General note Includes bibliographical references (p. [213]-223) and index.
600 ## - SUBJECT ADDED ENTRY--PERSONAL NAME
Personal name Sorabji, Cornelia.
650 ## - SUBJECT ADDED ENTRY--TOPICAL TERM
Topical term or geographic name as entry element Women social reformers
Form subdivision Biography.
Geographic subdivision India
650 ## - SUBJECT ADDED ENTRY--TOPICAL TERM
Topical term or geographic name as entry element Women lawyers
Form subdivision Biography.
Geographic subdivision India
942 ## - ADDED ENTRY ELEMENTS (KOHA)
Source of classification or shelving scheme Dewey Decimal Classification
Item type English Books
Classification part 921
Call number suffix SOR
Holdings
Withdrawn status Lost status Not for loan Collection code Home library Current library Date acquired Source of acquisition Cost, normal purchase price Full call number Barcode Copy number Cost, replacement price Koha item type
      Non-fiction Central Library Central Library 12/07/2011 Allied Pub/2951/29.3.11/78/14.3.11/31.3.11 295.00 921 SOR B-430979 1 295.00 English Books
    Not For Loan Non-fiction D.B.Act.Division D.B.Act.Division 03/08/2010 DBAD/PUB 295.00 921 SOR EN-81312 1 295.00 English Books
      Non-fiction Sarojini Nagar Sarojini Nagar 22/05/2019     921 SOR B-225831     English Books
      Non-fiction Shahdara Branch Shahdara Branch 22/05/2018   495.00 921 SOR B-225832   495.00 English Books

© Delhi Public Library
Hit Counter
free hit counter